=LDR 00000nam 2200000 4500 =001 INLIS000000000015269 =005 20130612110542 =008 ***********************************Ind** =035 ##$$0010-061300000015269 =041 ##$$a Ind =082 ##$$a 633.83 =090 ##$$a 633.83, Hadi-c =100 ##$$a Hadiwijaya, Toyib =245 ##$$a Cengkeh, Data dan Petunjuk ke Arah Swasembada, Toyib Hadiwijaya =260 ##$$a 1982 $b Jakarta =300 ##$$a 130 hlm, Ilus, 21 cm =650 ##$$a Cengkeh =850 ##$$a NBPNMAT